Text book of topographical surveying (Record no. 17428)

000 -LEADER
fixed length control field 00500nam a22001817a 4500
001 - CONTROL NUMBER
control field 17428
003 - CONTROL NUMBER IDENTIFIER
control field BD-DhUET
008 - FIXED-LENGTH DATA ELEMENTS--GENERAL INFORMATION
fixed length control field 150323b xxu||||| |||| 00| 0 eng d
040 ## - CATALOGING SOURCE
Original cataloging agency DLC
Transcribing agency DLC
Modifying agency BD-DhUET
082 ## - DEWEY DECIMAL CLASSIFICATION NUMBER
Classification number 526.98
Item number GRE/1965
110 ## - MAIN ENTRY--CORPORATE NAME
Corporate name or jurisdiction name as entry element Great Britain, Ministry of defense, Navy Department
245 ## - TITLE STATEMENT
Title Text book of topographical surveying
250 ## - EDITION STATEMENT
Edition statement 4th ed.
260 ## - PUBLICATION, DISTRIBUTION, ETC. (IMPRINT)
Place of publication, distribution, etc. London
Name of publisher, distributor, etc. Her Majesty's Stationary office
Date of publication, distribution, etc. 1965
300 ## - PHYSICAL DESCRIPTION
Extent x, 388 p.
Other physical details ill.
650 #0 - SUBJECT ADDED ENTRY--TOPICAL TERM
Topical term or geographic name as entry element Surveying
942 ## - ADDED ENTRY ELEMENTS (KOHA)
Koha item type General Book
Holdings
Not for loan Sublocation or collection (holding branch) Shelving location Copy number Damaged status Date acquired Lost status Source of classification or shelving scheme Koha date last seen Koha item type Koha full call number Koha normalized classification for sorting Price effective from Withdrawn status Piece designation (barcode) Location (home branch)
 Central Library, BUETCirculation section1 2015-03-23  2015-03-23General Book526.98/GRE/1965526_980000000000000_GRE_19652015-03-23 7275Central Library, BUET